000
00311nam a22001337a 4500
020
_a
1-85534-997-3
082
_a
822
_b
SHA/C
100
_a
SHAKESPEARE,WILLIAM
245
_a
THE COMPLETE WORKS OF WILLIAM SHAKESPEARE
260
_a
SCOTLAND
_b
GEDDES & GROSSET
300
_a
751
650
_z
SCOTLAND
942
_c
BK
999
_c
3606
_d
3606